| 000 | 00616nam a22001937a 4500 | ||
|---|---|---|---|
| 999 |
_c523963 _d523963 |
||
| 003 | NUST | ||
| 005 | 20190613074608.0 | ||
| 008 | 190613b ||||| |||| 00| 0 eng d | ||
| 016 | _a9780998837260 | ||
| 038 | _aSNS Library Staff | ||
| 082 |
_a530.7 _bCLI |
||
| 100 | _4Douglas Cline | ||
| 245 |
_aVariational Principles in Classical Mechanics _cDouglas Cline |
||
| 250 | _a2nd ed. | ||
| 260 |
_aUniversity of Rochester _bNew York _c2018 |
||
| 300 |
_a575 p. _bHB |
||
| 440 |
_aVariational Principles in Classical Mechanics _914790 |
||
| 942 |
_2ddc _cBK _e2nd ed. _h530.7 CLI 2018 |
||